00793nam a22002177a 450000500170000001000150001702000260003203500140005803700090007208200140008124500810009525000060017626000380018227000570022030000260027770000290030370000340033294200250036699900190039195201650041020250310171536.0 aENG-144073 a9789390095261c995.00 aEN-127605 bDBAD a954.0221 aBattle Ready for the 21st Century/cEdited by A.K Singh [and] Narender Kumar a1 aNew Delhi bPentagon Press c2021 a206, Peacock Lane, Shahpur Jat, bNew Delhi e110049 axii,284p. c24cm(Hb)  aA.K SingheEditor979481 aNarender KumareEditor979482 2ddccENmBATh954.02 c210208d210208 001040708NFICaLbLd2025-03-10eDelivery of Books Act Divisiong995.00l1oBAT 954.02pEN-127605r2026-01-05 00:00:00s2025-12-22t1v995.00w2025-03-10yEN